000 00411cam a2200181ua 4500
020 _c5.00
041 _ahin
_h
082 _a891.43
_bANJ/SA
100 _aAnjay, .
245 _aSangarsh /
_cAnjay.
_hTextual Documents
250 _a5 /
_b.
260 _aNew Delhi :
_bSaraswathi Press ,
_c1961.
300 _a249 ; .
365 _a5.00
504 _a
942 _cBK
999 _c12744
_d12744